THEIR WIDEST DREAMS (Record no. 381182)

MARC details
000 -LEADER
fixed length control field 00353nam a2200145Ia 4500
008 - FIXED-LENGTH DATA ELEMENTS--GENERAL INFORMATION
fixed length control field 100122s9999 xx 000 0 und d
082 ## - DEWEY DECIMAL CLASSIFICATION NUMBER
Item number 67743
Classification number 823
100 ## - MAIN ENTRY--PERSONAL NAME
Personal name ABRAHAMS PETER
245 ## - TITLE STATEMENT
Title THEIR WIDEST DREAMS
260 ## - PUBLICATION, DISTRIBUTION, ETC. (IMPRINT)
Name of publisher, distributor, etc PENGUIN BOOKS
Date of publication, distribution, etc 2003
300 ## - PHYSICAL DESCRIPTION
Extent 452
630 ## - SUBJECT ADDED ENTRY--UNIFORM TITLE
Uniform title THEIR WIDEST DREAMS
730 ## - ADDED ENTRY--UNIFORM TITLE
Uniform title THEIR WIDEST DREAMS
942 ## - ADDED ENTRY ELEMENTS (KOHA)
Koha item type Book
Holdings
Withdrawn status Lost status Damaged status Not for loan Home library Current library Date acquired Cost, normal purchase price Total Checkouts Full call number Barcode Date last seen Cost, replacement price Price effective from Koha item type Public note
        S.V. Pathak Library, Vile Parle S.V. Pathak Library, Vile Parle 08/13/2005 429.00   67743 SVPPARLE-67743 01/25/2010 429.00 01/25/2010 Book ", , General, NA"